Statistics for XXXTENTACION Charting Songs (Billboard Hot 100)

Click here to take the quiz!

General Stats

  • This quiz has been taken 54 times
    (21 since last reset)
  • The average score is 17 of 35

Answer Stats

AlbumWeeks OnPeakArtist(s)Song% Correct
?38 Weeks#1XXXTENTACIONSAD!
100%
?20 Weeks#13XXXTENTACIONMoonlight
92%
?20 Weeks#18XXXTENTACIONchanges
83%
1720 Weeks#19XXXTENTACIONJocelyn Flores
83%
Skins11 Weeks#16XXXTENTACIONBAD!
75%
Come Over When You're Sober, Pt. 211 Weeks#13Lil Peep & XXXTENTACIONFalling Down
75%
1721 Weeks#28XXXTENTACION ft. Trippie ReddFuck Love
75%
Revenge20 Weeks#34XXXTENTACIONLook At Me!
75%
Tha Carter IV3 Weeks#5Lil Wayne ft. XXXTENTACIONDon't Cry
67%
?2 Weeks#70XXXTENTACIONHope
67%
Non-Album Single17 Weeks#28XXXTENTACION & Lil Pump ft. Maluma & Swae LeeArms Around You
58%
172 Weeks#77XXXTENTACIONRevenge
58%
Look at Me: The Album3 Weeks#22Kanye West & XXXTENTACIONTrue Love
58%
?3 Weeks#80XXXTENTACIONNUMB
50%
Skins1 Week#62XXXTENTACION ft. Kanye West & Travis BarkerOne Minute
50%
Project Baby Two26 Weeks#31Kodak Black ft. XXXTENTACIONRoll In Peace
50%
Bad Vibes Forever1 Week#85XXXTENTACION ft. PnB Rock & Trippie ReddBad Vibes Forever
42%
171 Week#95XXXTENTACIONCarry On
42%
177 Weeks#42XXXTENTACIONEverybody Dies In Their Nightmares
42%
?1 Week#83XXXTENTACION ft. Joey Bada$$infinity [888]
42%
Trip at Knight1 Week#92Trippie Redd ft. XXXTENTACIONDanny Phantom
33%
Skins1 Week#51XXXTENTACIONI don't let go
33%
PopStar Turnt TrapStar1 Week#91PnB Rock ft. XXXTENTACIONMiddle Child
33%
171 Week#94XXXTENTACIONSave Me
33%
?5 Weeks#55XXXTENTACIONthe remedy for a broken heart (why am i so in love)
33%
Skins1 Week#64XXXTENTACIONTrain food
33%
Skins1 Week#65XXXTENTACIONwhat are you so afraid of
33%
Skins3 Weeks#37XXXTENTACIONwhoa (mind in awe)
33%
171 Week#91XXXTENTACIONDepression & Obsession
25%
Skins1 Week#84XXXTENTACIONdifference (interlude)
25%
?1 Week#95XXXTENTACIONgoing down!
25%
Skins1 Week#48XXXTENTACIONGuardian angel
25%
Skins1 Week#68XXXTENTACIONSTARING AT THE SKY
25%
Look at Me: The Album1 Week#89XXXTENTACIONVice City
25%
XXXTENTACION Presents: Members Only Vol. 41 Week#89XXXTENTACIONSauce!
17%

Score Distribution

Percentile by Number Answered

Percent of People with Each Score

Your Score History

You have not taken this quiz since the last reset